000 00238nam a2200097Ia 4500
008 120527s9999 xx 000 0 und d
100 _aGOULD, F.
245 _aAnatomy and physiology for Holistic Therapist
260 _bnelxon
942 _cBK
999 _c25744
_d25744